Sports Quiz

Random Sports or MLB Quiz

Quick Pick - MLB Nickname Weekend 2017: Cubs Quiz Stats

 Plays Quiz not verified by Sporcle

Score 0/25 Timer 01:30
0 Plays Today
% Correct
Addison Russell
86.1%
Kyle Schwarber
83.5%
Pedro Strop
83.5%
Carl Edwards Jr.
81%
Jose Quintana
81%
Ian Happ
79.7%
Anthony Rizzo
79.7%
John Lackey
78.5%
Jason Heyward
77.2%
Mike Montgomery
77.2%
Koji Uehara
77.2%
Wade Davis
75.9%
Ben Zobrist
75.9%
% Correct
Hector Rondon
70.9%
Justin Wilson
70.9%
Kyle Hendricks
68.4%
Willson Contreras
67.1%
Javier Baez
64.6%
Jon Jay
64.6%
Jake Arrieta
54.4%
Justin Grimm
53.2%
Brian Duensing
40.5%
Albert Almora Jr.
39.2%
Alex Avila
32.9%
Felix Pena
27.8%

You're not logged in!

Compare scores with friends on all Sporcle quizzes.
OR
Log In

Sporcle TV

Today on Sporcle TV


Watch our educational content, quiz creation guides, and fun videos on Sporcle TV.

Show Comments

Extras

Top Quizzes Today


Score Distribution

Your Account Isn't Verified!

In order to create a playlist on Sporcle, you need to verify the email address you used during registration. Go to your Sporcle Settings to finish the process.

Report this User

Report this user for behavior that violates our Community Guidelines.

Details: